书目信息 |
| 题名: |
菊与刀
|
|
| 作者: | 本尼狄克特 , Benedict 著 ;北塔 译 | |
| 分册: | ||
| 出版信息: | 上海 上海三联书店 2007 |
|
| 页数: | 226页 | |
| 开本: | 23cm | |
| 丛书名: | 闲读世界人文书系 | |
| 单 册: | ||
| 中图分类: | G131.32 , C955.313 | |
| 科图分类: | ||
| 主题词: | 文化--研究--日本 , 民族心理--研究--日本 , 文化 , 民族心理 | |
| 电子资源: | ||
| ISBN: | 978-7-5426-2630-1 | |
| 000 | 01174oam2 2200349 450 | |
| 001 | 010030007464 | |
| 005 | 20091230084449.70 | |
| 010 | @a978-7-5426-2630-1@dCNY20.00 | |
| 100 | @a20071204d2007 em y0chiy0110 ea | |
| 101 | 1 | @achi@ceng |
| 102 | @aCN@b310000 | |
| 105 | @ay z 000yy | |
| 106 | @ar | |
| 200 | 1 | @a菊与刀@9ju yu dao@e日本文化面面观@f(美)露丝·本尼狄克特(Ruth Benedict)著@g北塔译 |
| 210 | @a上海@c上海三联书店@d2007 | |
| 215 | @a226页@d23cm | |
| 225 | 2 | @a闲读世界人文书系 |
| 300 | @a含英文版 | |
| 330 | @a菊是日本皇家家徽,“刀”是武士道文化象征。本书揭示了日本人的本质性格,亦即日本文化双重性,如爱美黩武,尚礼而好斗等,使我们可直接、准确地把握日本人的“根性”。 | |
| 461 | 0 | @12001 @a闲读世界人文书系@1701 0@a叶渭渠@4主编 |
| 517 | 1 | @a日本文化面面观@9ri ben wen hua mian mian guan |
| 606 | 0 | @a文化@x研究@y日本 |
| 606 | 0 | @a民族心理@x研究@y日本 |
| 606 | 0 | @a文化 |
| 606 | 0 | @a民族心理 |
| 690 | @aG131.32@v4 | |
| 690 | @aC955.313@v4 | |
| 701 | 1 | @a本尼狄克特@9ben ni di ke te@bR.@4著 |
| 701 | 1 | @aBenedict@bRuth@4著 |
| 702 | 0 | @a北塔@9bei ta@4译 |
| 801 | 0 | @aCN@bRENTIAN@c20091230 |
| 905 | @b20798788-93@dG131.32@e106@f6 | |
| 菊与刀:日本文化面面观/(美)露丝·本尼狄克特(Ruth Benedict)著/北塔译.-上海:上海三联书店,2007 |
| 226页;23cm.-(闲读世界人文书系) |
| 含英文版 |
| ISBN 978-7-5426-2630-1:CNY20.00 |
| 菊是日本皇家家徽,“刀”是武士道文化象征。本书揭示了日本人的本质性格,亦即日本文化双重性,如爱美黩武,尚礼而好斗等,使我们可直接、准确地把握日本人的“根性”。 |
| ● |
| 相关链接 |
|
|
|
|
正题名:菊与刀
索取号:G131.32/106
 
预约/预借
| 序号 | 登录号 | 条形码 | 馆藏地/架位号 | 状态 | 备注 |
| 1 | 798788 | 207987883 | 第一样本阅览室/ [索取号:G131.32/106] | 在馆 | |
| 2 | 798789 | 207987892 | 第四借阅区/ [索取号:G131.32/106] | 在馆 | |
| 3 | 798790 | 207987909 | 第四借阅区/ [索取号:G131.32/106] | 在馆 | |
| 4 | 798791 | 207987918 | 第四借阅区/ [索取号:G131.32/106] | 在馆 | |
| 5 | 798792 | 207987927 | 第四借阅区/ [索取号:G131.32/106] | 在馆 | |
| 6 | 798793 | 207987936 | 第四借阅区/ [索取号:G131.32/106] | 在馆 |